| 000 | 00749nam a2200289Ia 4500 | ||
|---|---|---|---|
| 003 | OSt | ||
| 005 | 20220912150552.0 | ||
| 006 | a|||||r|||| 00| 0 | ||
| 007 | ta | ||
| 008 | 220909b |||||||| |||| 00| 0 eng d | ||
| 020 | _a0070239940 (hbd) | ||
| 024 | _a4145 | ||
| 037 | _bLimpid, | ||
| 037 | _cTextual | ||
| 040 |
_aCSL _beng _cCSL |
||
| 041 | _aeng | ||
| 082 | _aD65,8(B):4, N3 | ||
| 100 | _aGrady Jeffrey O | ||
| 245 | 0 | _aSystem requirements analysis | |
| 260 |
_aNew York McGraw-Hill, Inc _c1993 |
||
| 300 |
_axiv, 498p. _ccm. |
||
| 500 | _aIndex 493-498p | ||
| 650 | _a System analysis | ||
| 650 | _aComputer science | ||
| 942 |
_hD65,8(B):4, N3 _cTEXL _2CC |
||
| 999 |
_c50296 _d50296 |
||